00455nam a22001337a 4500008004100000040005500041080003400096100001500130245005600145260005700201300001500258650002200273653002600295230410b |||||||| |||| 00| 0 eng d aNational Science LibrarycNational Science Library a338:63.004.68](439.1)(08)bL9 aJoshi, P C aRural transformation in Hungary: bSelected studies aNew Delhi: bInformation and Cultural Centre, c1979 axix, 273p. aRural development aAgriculture and state